Loading...
| Fine Arts - Classical Music and Opera | 4 | 10.00 | 100% | 0% | 0% |
| Fine Arts - Other Arts | 3 | 10.00 | 67% | 33% | 0% |
| Fine Arts - Painting and Sculpture | 3 | 10.00 | 33% | 33% | 33% |
| Geography | 2 | 10.00 | 50% | 50% | 0% |
| History - American History | 3 | 6.67 | 33% | 33% | 0% |
| History - European History | 5 | 12.00 | 80% | 40% | 0% |
| History - Other History | 1 | 10.00 | 100% | 0% | 0% |
| History - World History | 4 | 5.00 | 25% | 25% | 0% |
| Literature - American Literature | 4 | 7.50 | 75% | 0% | 0% |
| Literature - British Literature | 6 | 3.33 | 33% | 0% | 0% |
| Literature - European Literature | 4 | 2.50 | 25% | 0% | 0% |
| Literature - World Literature | 8 | 5.00 | 38% | 13% | 0% |
| Mythology | 1 | 10.00 | 100% | 0% | 0% |
| Other Culture | 1 | 10.00 | 100% | 0% | 0% |
| Other Science (Astronomy) | 1 | 0.00 | 0% | 0% | 0% |
| Other Science (Computer Science) | 2 | 0.00 | 0% | 0% | 0% |
| Other Science (Earth Science) | 1 | 10.00 | 100% | 0% | 0% |
| Other Science (Math) | 1 | 0.00 | 0% | 0% | 0% |
| Other Science (Mixed/Any) | 1 | 20.00 | 100% | 100% | 0% |
| Philosophy | 3 | 6.67 | 67% | 0% | 0% |
| Religion | 2 | 15.00 | 50% | 50% | 50% |
| Science - Biology | 3 | 16.67 | 100% | 33% | 33% |
| Science - Chemistry | 2 | 5.00 | 50% | 0% | 0% |
| Science - Physics | 3 | 10.00 | 67% | 33% | 0% |
| Social Science | 4 | 12.50 | 75% | 50% | 0% |